| 000 | 00958nam a22002177a 4500 | ||
|---|---|---|---|
| 005 | 20111205100653.0 | ||
| 010 | _aB-454795 | ||
| 020 |
_a9788179932018 _c185.00 |
||
| 035 | _aB-454795 | ||
| 037 |
_aBlue Berry/Ven _bDPL |
||
| 082 | _a363.7 | ||
| 100 |
_aSengupta, Chandni _946639 |
||
| 245 |
_a101 Facts Saving the Earth / _cby Chandni, Sengupta; edited by Pallavi Sah; illustrated by Yatindra Kumar, Vijay Nipane and Neeraj Riddlan |
||
| 260 |
_aNew Delhi _bTeri Press _c2008 |
||
| 270 |
_aDarbari Seth Block, IHC Complex, Lodhi Road _bNew Delhi _e110003 |
||
| 300 |
_a46p. _bcol.ill _c28cm. (Hb) |
||
| 490 |
_a101 Facts _946640 |
||
| 942 |
_2ddc _cCH _mSEN _h363.7 |
||
| 999 |
_c58968 _d58968 |
||